000 00798nas1a22002411i 4500
001 RU\NLR\INFOCOMM15\1000050434
005 20240726083641.0
035 _a(NLR Aleph) 002637208
090 _a3754061
_c3754061
100 _a20040116c1976 |||y0rusy50 ca
101 0 _arus
102 _aRU
110 _azyu||||0|y0
200 1 _aВопросы историографии и социально-политического развития Сибири (XIX-XX вв.)
_fМ-во прос. РСФСР. Краснояр. гос. пед. ин-т
210 _aКрасноярск
_d1976-
801 1 _aRU
_bInfoComm
_c20040116
801 0 _aRU
_bNLR
_gPSBO
852 _aNLR
_jП22/4592
942 _cSE
980 _aRUSPER